|
|
|
|
| LEADER |
01222nam a2200289 a 4500 |
| 001 |
12477627 |
| 008 |
100304s2002 ii f 001 0 eng d |
| 010 |
|
|
|a 2001048154
|
| 020 |
|
|
|a 0761994955
|
| 020 |
|
|
|a 0761994963 (pbk.)
|
| 040 |
|
|
|a DLC
|c DLC
|d DLC
|d DB-DhAAL
|
| 082 |
0 |
0 |
|a 658.3/1243
|2 21
|
| 100 |
1 |
|
|a Agochiya, Devendra.
|
| 245 |
1 |
0 |
|a Every trainer's handbook /
|c Devendra Agochiya.
|
| 260 |
|
|
|a New Delhi ;
|a Thousand Oaks, Calif. :
|b Sage Publications,
|c c2002.
|
| 300 |
|
|
|a 341 p. ;
|c 25 cm.
|
| 504 |
|
|
|a Includes index.
|
| 541 |
1 |
|
|e 00010213
|
| 650 |
|
0 |
|a Occupational training
|v Handbooks, manuals, etc.
|
| 650 |
|
0 |
|a Employees
|x Training of
|v Handbooks, manuals, etc.
|
| 650 |
|
0 |
|a Training
|v Handbooks, manuals, etc.
|
| 650 |
|
0 |
|a Occupational training
|z Developing countries
|v Handbooks, manuals, etc.
|
| 650 |
|
0 |
|a Employees
|x Training of
|z Developing countries.
|z Developing countries
|v Handbooks, manuals, etc.
|
| 650 |
|
0 |
|a Training
|z Developing countries
|v Handbooks, manuals, etc.
|
| 852 |
4 |
|
|a Ayesha Abed Library
|j General Shelf.
|
| 999 |
|
|
|c 7693
|d 7693
|
| 952 |
|
|
|0 0
|1 0
|2 ddc
|4 0
|6 658_312430000000000_AGO_2002
|7 0
|9 8440
|a BRACUL
|b BRACUL
|c GEN
|d 2010-03-04
|l 0
|o 658.31243 AGO
|p 3010010213
|r 2010-03-04
|t 1
|w 2010-03-04
|y BK
|